01232nam a2200157 a 4500008004100000020001800041041000800059100002700067245006800094250001100162260003500173300002100208500010200229505072800331655001501059190916s2013 ag ||||gr|||| 000 1 s d a9789504936725 aspa1 aFontanarrosa, Roberto. aNada del otro mundo...by otros cuentos /cRoberto Fontanarrosa a1a ed. aBuenos Aires:bPlaneta;c2013. a264 p.b21x13 cm aFontanarrosa, R. (2013). Nada del otro mundo...y otros cuentos. (1a ed.). Buenos Aires : Planeta. a"Hay partidos que no podés perder, tenés que ganar o ganar. No hay tutía. Entonces si a mí me decían que tenía que matar a mi vieja, que había que hacer cagar al presidente Kennedy, me daba lo mismo, hermano. Hay partidos que no se pueden perder". El año 1971 fue memorable para Rosario Central que, por primera vez en su historia, salió campeón. Gracias al gol de palomita de Algo Poy en el clásico rosario Newell's Central, los "leprosos" de Newell's quedaron eliminados en la semifinal. En honor a esa histórica jornada el "Negro" ferviente canalla, escribió el cuento "19 de septiembre de 1971" incluido en este volumen. Nada del otro mundo y otros cuentos es el tercer libro de Fontanarrosa.  aLiteratura